Životné prostredie očami inšpektorov
Informácia o činnosti Slovenskej inšpekcie životného prostredia za rok 2005. Životné prostredie patrí medzi naše najväčšie priority a preto by sme ho mali chrániť. Porušovanie právnych predpisov v oblasti životného prostredia. Znečisťovatelia vody. Ochrana ozónovej vrstvy. Pohonné hmoty a odpad. Pod...
Enregistré dans:
| Auteur principal: | |
|---|---|
| Format: | Chapitre de livre |
| Langue: | slovaque |
| Sujets: | |
| Tags: |
Pas de tags, Soyez le premier à ajouter un tag!
|
MARC
| LEADER | 00000naa$a2200000$$$4500 | ||
|---|---|---|---|
| 001 | 0039793 | ||
| 005 | 20231016085005.4 | ||
| 041 | 0 | |a slo | |
| 044 | |a SK | ||
| 245 | 1 | 0 | |a Životné prostredie očami inšpektorov |c Michal Štefánek |
| 520 | |a Informácia o činnosti Slovenskej inšpekcie životného prostredia za rok 2005. Životné prostredie patrí medzi naše najväčšie priority a preto by sme ho mali chrániť. Porušovanie právnych predpisov v oblasti životného prostredia. Znečisťovatelia vody. Ochrana ozónovej vrstvy. Pohonné hmoty a odpad. Podnety od občanov. Biologická bezpečnosť. Odbory integrovaného povoľovania a kontroly. | ||
| 610 | 2 | 0 | |a prostredie životné |
| 610 | 2 | 0 | |a ochrana prostredia životného |
| 610 | 2 | 0 | |a inšpekcia štátna |
| 610 | 2 | 0 | |a kontrola |
| 610 | 2 | 0 | |a znečistenie vôd |
| 610 | 2 | 0 | |a ozón |
| 610 | 2 | 0 | |a odpad |
| 610 | 2 | 0 | |a bezpečnosť environmentálna |
| 610 | 2 | 0 | |a Slovensko |
| 610 | 2 | 0 | |a 2005 |
| 100 | 1 | |a Štefánek, Michal | |